[Event "Pinamar Masters 1st"]
[Site "Pinamar ARG"]
[Date "2001.03.16"]
[Round "9"]
[White "Giardelli, Sergio C"]
[Black "Andersson, Ulf"]
[Result "0-1"]
[WhiteElo "2438"]
[BlackElo "2640"]
[EventDate "2001.03.08"]
[Annotator "Ribli"]
[EventType "tourn"]
[EventRounds "11"]
[EventCountry "ARG"]
[EventCategory "8"]
[Source "ChessBase"]
[SourceDate "2001.05.17"]
[WhiteTeamCountry "SUI"]
[BlackTeamCountry "SUI"]

1. c4 c5 2. g3 g6 3. Bg2 Bg7 4. Nc3 Nc6 5. Nf3 Nf6 6. d4 cxd4 ( 6. ... O-O
7. O-O d6 {Auf diese Weise kann Schwarz in die Königsindische Verteidigung
überleiten.} 8. d5 ) 7. Nxd4 O-O 8. O-O Nxd4 {Ve skutecnosti tento tah je 
nejlepsi pro cerneho. Misto toho muze cerny hrat take 8...d6, coz by byla 
obet pesce za iniciativu. Mozne je take 8...Ng4.--------- 
Dieser Zug scheint mir in der Tat die beste Möglichkeit für Schwarz zu 
sein. Statt dessen kann Schwarz auch 8...d6 spielen, das wäre ein 
Bauernopfer für Initiative. Auch 8...Ng4 ist möglich, doch hier verlöre 
der Königsspringer zu viel Zeit.} 9. Qxd4 d6 10. Qd2 {Drive nebo pozdeji 
bude muset dama opustit pole d4. Hlavni pokracovani je 10.Qd3. Ale i 
10.Bg5 a 10.Qh4 je take hratelne.________
Früher, oder später muss die exponierte Dame das Feld d4 verlassen. Der 
Textzug wird selten gespielt.} ( 10. Qd3 {Das ist die Hauptfortsetzung. 
Spielbar ist auch 10.Bg5 oder 10.Qh4.} ) 10. ... Be6 {Schwarz opfert 
vorübergehend einen Bauern und kann spürbar positionellen Druck am 
Damenflügel aufbauen.} ( 10. ... Rb8 11. b3 Be6 12. Bb2 Qa5 13. Rad1 Rfc8 
14. e4 a6 15. Rfe1 b5 â‡„â‡„ ) 11. Bxb7 Rb8 12. Bg2 ( 12. Bd5 Nxd5 13. 
Nxd5 Qd7 14. e4 Rfc8 15. Qe2 Bxd5 16. cxd5 Qb5 17. Qxb5 Rxb5 18. Rb1 Rc2 
19. Bg5 f6 20. Be3 a5 21. Bd4 f5 22. a4 Rb3 {1/2-1/2 
Kortschnoj,V-Geller,E/ Leningrad 1963/URS-ch (32)} ) ( 12. Bf3 ) 12. ... 
Bxc4 13. b3 Be6 ( 13. ... Nd5!? 14. Nxd5 ( 14. Bb2 Nxc3 15. Bxc3 Bxc3 16. 
Qxc3 Bxe2 -/+ {Ich möchte darauf hinweisen, dass dieser Zug nach 12.Bf3 
nicht möglich wäre.} ) 14. ... Bxd5 15. Bb2 =, quiet ) 14. Bb2 Qa5 15. 
Rfd1 Rfc8 =, quiet {Schwarz hat bequemes Spiel und spürbar positionellen 
Druck am Damenflügel.} ( 15. ... Qh5 16. Ne4 Nxe4 17. Bxe4 Bxb2 18. Qxb2 
Qa5 19. Rac1 Rfc8 20. h4 h5 21. Bf3 Qb4 {1/2-1/2 Karlsson,L-Engqvist,T/ 
Lindesberg 1993/EXT 98 (33)} ) 16. Nd5 {Dieser Zug ist logisch - Wei 
möchte so viel Material wie möglich abtauschen und den schwarzen Druck 
neutralisieren.} ( 16. Ne4 Qxd2 17. Rxd2 Nxe4 18. Bxe4 Bxb2 19. Rxb2 Kg7 
20. Kf1 Kf6 21. Ke1 Bf5 22. Bxf5 Kxf5 23. Kd2 d5 24. Rd1 e5 25. Rc2 Rxc2+ 
26. Kxc2 d4 27. Kd2 Ke6 28. Rc1 Kd6 29. Kd3 f5 {0-1 Sukuba,Z-Matejov,A/SVK
1997/EXT 98 (60)} ) 16. ... Qxd2 17. Nxf6+ ( 17. Rxd2? Bxd5 18. Bxd5 Nxd5 
19. Bxg7 Kxg7 20. Rxd5 Rc2 -/+ ) 17. ... Bxf6 18. Rxd2 Bxb2 19. Rxb2 a5 =+
D {Cerny muze byt s vysledkem zahajeni spokojen. Bily ma prevahu pescu na 
dam. kridle ale v teto specificke pozici pesci a2 a b3 jsou pod tlakem 
strelce e6 a veze na b8. Cerny ma k dispozici neprijemnou paku a5-a4 a 
take dominuje c - sloupci. Vse to znamena ze cerny ma mirnou ale trvalou 
vyhodu. :::::::
Es ist nur noch wenig Material auf dem Brett. Dennoch hat Schwarz einen 
kleinen, aber dauerhaften Vorteil am Damenflügel.} 20. Rd2 Rb4 {
Schwarz möchte anschlie end a5-a4 ziehen und einen Bauern am Damenflügel 
gewinnen. Danach bekäme er ein Endspiel mit 5 gegen 4 Bauern.} ( 20. ... 
Rc5 21. Rad1 Rb4 22. Bd5 ) 21. Bd5 {Logicky defensivni tah: bily strelec 
mnoho nedosahne na diagonale h1-a8, zatimco cerny plni dulezitou funkci s 
planovanou pakou a5-a4_________
Wei muss den starken schwarzen Läufer abtauschen.} 21. ... Bxd5 22. Rxd5 
a4 23. Rd3?! ( 23. bxa4 Rxa4 24. Rd2 =+ ) 23. ... Rc2 {Pesci a2 a b3 jsou 
pod tlakem a predstavuji slabinu. 
Das Eindringen eines Turms auf der 2.Reihe ist immer stark in einem 
Turmendspiel.} 24. Kf1 D ( 24. e3 Rb2 25. bxa4 Rxa4 26. a3 Rc4 =+ ) 
24. ... Re4! {Damnit provoziert Schwarz den Zug 25.e3, der eine Schwächung
der 2.Reihe von Wei bedeutet.} 25. e3 ( 25. Re3? Rxe3 26. fxe3 axb3 ( 
26. ... a3!? -/+ ) 27. axb3 Rc3 -/+ ) 25. ... Rb4 26. h4 Rb2 {Jetzt droht 
der Bauerngewinn.} 27. bxa4 Rxa4 28. a3 Rc4 {Jetzt erkennen wir die Idee 
des Zugs 24...Re4!.Es droht 29...Rcc2 mit sofortigem Gewinn.} 29. Kg2 Rcc2
30. Rf1 Ra2 {Nunmehr droht das Turmmanöver Rc5-Ra5 mit Bauerngewinn.} 31. 
Kf3 Rc5 32. g4 h5! {Instruktivni moment. Bily pescova struktura je 
oslabena touto pakou. Bily pesec h4 je tematicky fixovan kde je a nyni 
reprezentuje druhou slabinu ktera je pozadovana pro vyhru.:::::::
Der "schwedische Capablanca" spielt präzise - er verhindert den 
Raumgewinnzug 33.g5.} ( 32. ... Ra5 33. g5 R5xa3 34. Rxa3 Rxa3 35. Rb1 =+ 
) 33. Rg1 Kg7 34. gxh5 Rxh5! {Ein Turmendspiel mit 4 gegen 4 Bauern ist 
gewöhnlich Remis, aber hier hat Wei schon zwei Schwächen zu beklagen: den 
Pa3 und den Ph4.} 35. Rg4 Rf5+ ( 35. ... Ra5 -/+ ) 36. Rf4 Ra5 37. Re4 Kf6
( 37. ... Kf8 -/+ ) 38. Rf4+ Ke6 39. Rdd4 R2xa3 ( 39. ... R5xa3? 40. Rde4+
+/- ) 40. Rde4+ Re5 41. Rxe5+ dxe5 -/+ {Schwarz hat einen Mehrbauern, und 
der Ph4 ist schwach.} 42. Rb4 f6 43. Rb7?! ( 43. Kg3 Kf5 -/+ ) 43. ... Ra4
44. Kg3?! ( 44. e4 -/+ ) 44. ... f5 45. Rb6+ Kf7 46. Kh3 Rg4! 47. f3 Rc4 
48. Rb3 e4 49. fxe4? ( 49. f4 Rc2 -/+ 50. Kg3 Re2 51. Ra3 Kg7 52. Rc3 Re1 
53. Kf2 Rb1 54. Kg3 Rf1 -+ {princip dvou slabin znovu se ukazuje ve forme 
pesce e3 a h4. Bily je v zugzwangu. } ) 49. ... Rxe4 -+ 50. Ra3 Kg7 {Und 
Wei gab auf - gegen Kh6-h5 kann er nichts ausrichten.} 0-1

[Event "Hoogovens"]
[Site "Wijk aan Zee NED"]
[Date "1979.01.??"]
[Round "Prostor"]
[White "Andersson, Ulf"]
[Black "Gaprindashvili, Nona"]
[Result "1-0"]
[WhiteElo "2560"]
[BlackElo "2405"]
[EventDate "1979.01.??"]
[PlyCount "103"]
[EventType "tourn"]
[EventRounds "11"]
[EventCountry "NED"]
[EventCategory "12"]
[Source "ChessBase"]
[SourceDate "1999.07.01"]
[BlackTeamCountry "CUB"]

1. Nf3 Nf6 2. c4 c5 3. g3 b6 4. Bg2 Bb7 5. O-O e6 6. Nc3 Be7 7. d4 cxd4 8.
 Qxd4 Nc6 {V kapitole venovane specialnimu tematu: Boj proti Jezkovi, 
uvadime partie pokracujici 8...d6. Jiny zpusob jak hrat proti jezkovi  je 
Nc6.} 9. Qf4 a6 ( 9. ... O-O 10. Rd1 Qb8 11. e4 d6 12. b3 a6 13. Bb2 Qc7 
14. h3 Rac8 15. Qe3 {Kramnik - Leko, Budapest 2001} ) 10. Rd1 d6 11. b3 
Qc7 12. Ba3 D {Jako vzdy, Andersson hraje jednoduchy a cilene sachy. 
Vyviji tlak proti pesci d6 a pozdeji uvede vymennou kombinaci pomoci 
e4-e5, po ktere ziska mirnou vyhodu do koncovky. } 12. ... Rd8 13. Rd2 O-O
14. Rad1 Ne8 ( 14. ... Nh5 15. Qe3 Nf6 16. Na4 b5 17. Qb6 Qxb6 18. Nxb6 
Ne4 19. Nd4 Na7 20. Bxe4 Bxe4 21. cxb5 axb5 22. f3 Bg6 23. Rc1 += {
Wojtkiewicz- Spraggett, Metz 1997} ) 15. e4 Ba8 {Dobra alternativa je } ( 
15. ... Ne5 {aby zabranil budoucimu e4-e5} ) 16. Qe3 Nf6 17. h3 {toto 
brani Ng4 a tudiz pripravuje e4-e5. } 17. ... Rfe8 18. e5 dxe5 19. Bxe7 
Rxd2 20. Rxd2 Rxe7 21. Nxe5 {Bylo by lepsi nechat damy na sachovnici: } 
21. ... Qxe5 ( 21. ... Nxe5 22. Bxa8 Rd7 23. Bg2 += {Bileho prostorova 
vyhoda a prevaha pescu na damskem kridle se lepe vyuziji v koncovce. } ) 
22. Qxe5 Nxe5 23. Bxa8 Rd7 24. Rxd7 Nexd7 ( 24. ... Nfxd7 25. Kf1 g5 26. 
Ke2 h5 27. f4 gxf4 28. gxf4 Ng6 29. Ke3 += {Dalsi tah je jak profylakticky
 tak take rozhodujici pro budouci koncovku. Co hraje bily?} ) 25. f4! += {
f4 umoznuje pochod krale na d4. Toto s prevahou na dam. kridle a strelce, 
ktery kontroluje hodne dulezitych poli, vyusti do vyznamne prevahy v 
koncovce. Navic bily brani moznemu protiuderu g5! ktery by expanzi bileho 
na kralovskem kridle cinil obtiznou. } 25. ... Kf8 26. Kf2 Ke7 27. Ke3 Kd6
28. b4 Kc7 29. Bf3! {Pripravuje  postup g4.g5 a take brani Nh5} 29. ... 
Ne8 30. g4 h6 ( 30. ... Nd6 31. Kd4 e5+ 32. fxe5 Nxc4 33. Nd5+ Kd8 34. Be2
Ncxe5 35. Bxa6 +/- ) 31. Kd4 {Bily kral kontroluje vic prostoru a pesci 
kontroluji vsechny pole pro jezdce na 5 rade. Bily by rad vytvoril volneho
pesce c4-c5. } 31. ... Nd6 32. a3 Nc8 ( 32. ... e5+ 33. fxe5 Nxc4 34. Nd5+
Kb8 35. Be2 Ncxe5 36. Bxa6 +/- ) 33. Ne4 Ne7 34. c5 D bxc5+ ( 34. ... e5+ 
35. fxe5 Nc6+ 36. Ke3 bxc5 37. bxc5 Ncxe5 38. Be2 a5 39. Kd4 Nc6+ 40. Kd5 
Ne7+ 41. Kc4 +/- ) 35. Nxc5! +/- Nxc5 36. Kxc5 {Bily rozsiril vyhodu v 
prostoru jednoduchymi prostredky. Po vynucene vymene na c5 bily hrozi Be2 
Kb7 38.Kd6 +-. Je jedina obrana} 36. ... Ng6 37. f5 Ne5 ( 37. ... Nf4 38. 
h4 exf5 39. gxf5 g6 40. f6 Ne6+ 41. Kd5 +/- ) 38. Be2 Nd7+ 39. Kd4 Kb6 ( 
39. ... exf5 40. Bxa6 fxg4 41. hxg4 {a dva spojeni pesci a lepsi strelec  
rozhodne partii.} ) 40. fxe6 fxe6 41. Bc4 Nf8 ( 41. ... e5+ 42. Kd5 a5 43.
 Kd6 +- ) 42. Ke5 a5 43. bxa5+ Kxa5 D {Najdete nejpresnejsi zpusob vyhry. 
} 44. Bd3! +- {Bily nesmi pustit jezdce na g6 a f4.} ( 44. Bxe6 Ng6+ 45. 
Ke4 Ka4 +/- ) ( 44. Bb3? Ng6+ 45. Kd6 Nh4 46. Kxe6 Ng2 47. Kf7 g5 48. Kg6 
Nf4+ 49. Kxh6 Nxh3 50. Bc2 Ka6 51. Kg6 Kb5 52. Kf5 Ka5 53. Bd1 Kb6 54. Bb3
Kb5 55. Kf6 Kc5 56. Bc2 Kc4 57. Kf5 Kc5 ) 44. ... Nd7+ 45. Kd6 ( 45. Kxe6
?? Nc5+ = ) 45. ... Nb6 46. Kxe6 g5 D 47. Bf1! {Znovu mimoradne presne. 
BIly otupuje zuby manevru .. Nd5-f4} ( {Nikoli } 47. Kf6 Nd5+ 48. Kf5 ( {
Po } 48. Kg7 Nf4 49. Kxh6 ( 49. Bf1 h5 {pozice je remizova } ) 49. ... 
Nxh3 50. Bc2 Kb5 51. a4+ Kb4 ) 48. ... Nf4 49. Bf1 Ka4 50. h4 Nd5 {s 
technickymi problemy } ) 47. ... Ka4 48. Kf5 Nd5 49. Kg6 Ne3 50. Kxh6 Nxf1
51. Kxg5 Ne3 52. h4 1-0

[Event "Dortmund-A"]
[Site "Dortmund GER"]
[Date "1987.??.??"]
[Round "?"]
[White "Bischoff, Klaus"]
[Black "Andersson, Ulf"]
[Result "0-1"]
[WhiteElo "2485"]
[BlackElo "2600"]
[EventDate "1987.04.??"]
[PlyCount "74"]
[EventType "tourn"]
[EventRounds "11"]
[EventCountry "GER"]
[EventCategory "11"]
[Source "ChessBase"]
[SourceDate "1988.02.01"]
[WhiteTeamCountry "URS"]
[BlackTeamCountry "POL"]

1. c4 Nf6 2. Nf3 e6 3. g3 d5 4. Bg2 Be7 5. O-O O-O 6. b3 {Bily voli 
strategicky komplikovane Reti zahajeni. Dobra alternativa je 6.d4 s 
prechodem do katalanske. } 6. ... c5 7. Bb2 b6 8. e3 Bb7 9. Qe2 Nbd7 10. 
d3 Qc7 11. Nc3 Rad8 12. e4 ( 12. Rad1 Rfe8 13. Nh4 a6 14. f4 d4! 15. exd4 
cxd4 16. Ne4 Nc5 17. Ng5 b5! {s nejasnou hrou v Garcia Palermo -. Slipak, 
Villa Gesell 1996} ) ( 12. Rfd1 Qb8 13. cxd5 Nxd5 14. Nxd5 Bxd5 15. e4 Bb7
16. d4 {je take nejasne, COntin- Arlandi, Reggio Emilia 1994/95} ) 12. ...
 d4 {Logicka odpoved! Cerny hraje o prostorovou vyhodu v centru. Strelec 
je nyni spatne postaven na b2. } 13. Nd1 {Lepsi je 13.Nb1 s prevodem na d2
} 13. ... g6! {Cerny se pripravuje dopredu na postup f5. Idea je Nh5-g7 
aby podporil f5. } 14. Ne1 e5 15. Bh3 Nh5 16. Bc1 Ng7 17. f4?! {Po 
standardnim protiuderu 17...f5 bile figury na posledni rade budou 
nekoordinovany. Cerny vyviji tlak na centralni pole e4 a f4, zatimco bily 
se zoufale pokousi koordinovat figury. Lepsi je cekat a divat se. } ( 17. 
Bh6 { 18. Ng2 }) 17. ... f5 18. Nf2 Bd6 19. Ng2 Rde8 =+ {Cerny vyviji 
hmatatelny tlak na centralni pesce. Zvlaste vez proti dame, ktera nema 
rozumne pole k dispozici je problem bileho. Prostorova vyhoda cerneho se 
necha citit. } 20. fxe5 Nxe5 21. Nf4 {Bily ma naskok ve vyvinu a 
vynikajiciho centralniho jezdce e5. V teto vyhodne situaci nachazi 
vynucenou vymenu, ktera vede k jasne vyhode cerneho. } 21. ... g5! 22. Nd5
Bxd5 23. cxd5 ( 23. exd5 g4 24. Bg2 Nxc4 -+ ) 23. ... g4 24. Bg2 Nf3+! {
Rozhodujici bod cerneho utoku. SIlny tah prinasi cernemu mocneho volneho 
pesce e3. } 25. Bxf3 ( 25. Kh1 Bxg3 26. Bxf3 ( 26. hxg3 Qxg3 -+ ) 26. ... 
gxf3 27. Qxf3 Bxf2 28. Rxf2 fxe4 -+ ) 25. ... gxf3 26. Qxf3 fxe4 27. Qg2 
e3 D {Pro silnou hru v centru cerneho ma bily neudrzitelnou pozici. Volny 
pesec e3 uzavira strelce c1 a je pripraven postupovat kdykoli. } 28. Ne4 
Rxf1+ 29. Qxf1 Be5 {Brani pole f6 } 30. Bb2 Qd7 31. Qg2 Rd8 32. b4 {Bily 
se znovu pokousi otevrit pozici ale cerny muze prijmout obet pesce bez 
nebezpeci. } 32. ... cxb4 33. d6 Nf5 34. Rf1 Nxd6 35. Ng5 Qb7 {Tim nabizi 
vymenu dam, cerny eliminuje hrozbu 36.Qd5+} 36. Qh3 Re8 37. Rf7? ( 37. Qh5
Qg7 38. Nf3 Nf7 39. Nxe5 Rxe5 40. Qh3 e2 41. Re1 Ng5 42. Qc8+ Qf8 43. 
Qxf8+ Kxf8 44. Kf2 Ra5 -+ ) 37. ... Nxf7 ( ) 0-1

[Event "Kraft Chess Cup"]
[Site "Skelleftea SWE"]
[Date "1999.03.31"]
[Round "1.2"]
[White "Andersson, Ulf"]
[Black "Brynell, Stellan"]
[Result "1-0"]
[WhiteElo "2623"]
[BlackElo "2489"]
[EventDate "1999.03.??"]
[PlyCount "63"]
[EventType "k.o."]
[EventRounds "3"]
[EventCountry "SWE"]
[Source "ChessBase"]
[SourceDate "1999.11.16"]
[WhiteTeamCountry "GER"]
[BlackTeamCountry "GER"]

1. Nf3 g6 2. d4 Bg7 3. e4 d6 4. Nc3 Nf6 5. Be2 O-O 6. O-O c5 {Ovsem v 
tomto bodu byla moznost Pircova obrana tahy jako 6...c6 nebo Nc6. Po c5 se
zahajeni transponuje na dobre znamou Ben-Oni struktury, krome toho ze bily
si usetril tah c4. Toto je k jeho prospechu, jelikoz c4 pole je volne pro 
bile figury. } 7. d5 Na6 8. Bf4 Nc7 {Plany jsou jasne pro obe strany: Bily
by rad bud sel jezdce pres d2 na c4 a vyvijel tlak odtud nebo jinak 
pripravit budouci centralni prulom e4-e5 po Qd2, Rad1, Rfe1. Cerny bude 
snit o protihre na damskem kridle pomoci b7- b5 } 9. a4 b6 10. Qd2 {Toto 
pripravuje vymenu strelcu ne h6 a dela prostor pro vez Rd1 } 10. ... a6 
11. Bh6 Bb7 ( 11. ... Bg4 12. h3 Bxf3 13. Bxf3 b5 14. Ne2 Rb8 15. b3 Re8 
16. Bxg7 Kxg7 17. Rfd1! {profylaticky tah proti ...e6 } 17. ... h5?! 18. 
axb5 axb5 19. b4! +/- c4 20. Nd4 Ra8 21. Nc6 Qd7 22. Qc3 Rxa1 23. Rxa1 e5 
24. Qe3 Ra8 25. Ra5 Rxa5 26. bxa5 Na6 27. Qb6 Nc5 28. a6 Ne8 29. a7 {  1-0
v Zviagintsev - Calzetta Ruiz, Linares 2000 } ) 12. Rfe1! {Tento 
profylakticky tah brani prulom na damskem kridle pomoci b5: } ( 12. Rad1 
b5 13. axb5 axb5 14. e5 dxe5 15. Bxg7 Kxg7 16. Nxb5 e4 17. Nh4 Nxb5 18. 
Bxb5 Qxd5 -/+ {Rakic - Masic, Novi Travnik 1969} ) 12. ... Qd7 ( 12. ... 
b5 13. axb5 axb5 14. Rxa8 Qxa8 15. Bxg7 Kxg7 16. Bxb5 {a ziska pesce... 
vez kryje e4 } ) ( 12. ... Rb8 13. Bf1 Ba8 14. Nd1 b5 15. Bxg7 Kxg7 16. b4
cxb4 17. Qxb4 e6 18. dxe6 Nxe6 19. axb5 axb5 20. Nc3 +/- {Larsen - 
Jakobsen, Copenhagen 1999 } ) 13. Rab1 {pripravuje budouci b4} 13. ... e6 
14. dxe6 Nxe6 15. Bxg7 Kxg7 16. Bc4! {Bily fixuje zpozdeneho pesce na d6 a
kontroluje dulezite pole d5. Toto mu dava mirnou pozicni  vyhodu. } 
16. ... Rfe8 17. Rbd1 Rad8 18. Qc1 {Bileho hrozba je e4-e5  } 18. ... Qc8 
19. h3 {Toto brani manevru Ng4-e5 a vytvari okenko pro krale. } 19. ... 
Qa8?! {Jelikoz v kazdem pripade by bily rad obsadil d5, dama bude bojovat 
ztracenou bitvu na poli a8 po zbytek boje. Lepsi tah je 19...Nc7 20.Qf4 s 
mirnou vyhodou pro bileho.  } 20. Nd5! D {Andersson obsazuje dulezite pole
d5. Vymena ktera nasleduje dovoli pesce na d5, a tudiz bily ziska vyhodu 
prostoru. } 20. ... Bxd5 21. Bxd5 Nxd5 22. exd5 Nc7 ( 22. ... Nd4 23. Nxd4
Rxe1+ 24. Rxe1 cxd4 25. c4 dxc3 26. Qxc3+ Kg8 27. Qd4 +/- {Bily ma jasnou 
pozicni vyhodu diky vyborne centralizovane damy. } ) 23. c4 {bily upevnuje
pesce d5, tudiz  zajistuje prostorovou vyhodu. Cerny jezdec c7 a dama na 
a8 jsou pasivni. } 23. ... Rxe1+ ( 23. ... b5 24. Rxe8 Nxe8 ( 24. ... Rxe8
25. b4 cxb4 26. Qb2+ f6 27. Qxb4 +/- ) 25. b4 Nf6 26. axb5 axb5 27. cxb5 
cxb4 28. Qc4 += ) 24. Rxe1 Re8 {Cerny zdanlive zkonstruoval silnou 
obrannou pozici, zvlaste pro solidni pescovou strukturu damskeho kridla. 
Jak muze nyni bily docilit postup navzdory tomu? } 25. b4! {Bily vyuziva 
prilezitost vytvorit hrozby na damskem kridle. Rad by vyroloval pescovy 
retez s a4a5 a vytvorit volneho pesce pro sebe. Navic bily hrozi po bxc5 a
bxc5 a vymene vezi - proniknout nepratelskeho tabora s damou, bud po e 
sloupci nebo po b sloupci. Znovu vzeti dxc5 je nemozne, protoze bily by 
ziskal mimoradne silneho volneho pesce a Qb2+ nasledovane Qxb6 hrozilo} 
25. ... b5? {lepsi pokus je } ( 25. ... Rxe1+ 26. Qxe1 Qe8 27. Qc3+ f6 28.
 bxc5 bxc5 ( 28. ... dxc5 29. Qb3 += Qb8 30. Qb2 Kf7 31. Qa3 a5 32. h4 Ne8
33. Qb3 Nd6 34. g3 ) 29. Qa5 Qe7 30. Kf1 {se zamerem Qb6, Nd2-b3-a5, a 
cerni pesci na damskem kridle jsou slabi. Jezdec c7 je vazan na obranu 
pesce a6 a po Qb6 cerna dama k pesci d6. Zugzwang je ochromujici. } ) ( 
25. ... a5 26. bxc5 bxc5 27. Qb2+ Kg8 28. Rxe8+ Nxe8 29. Qb6 +/- ) ( 
25. ... cxb4 26. Qb2+ Kg8 27. Qxb4 +/- ) 26. bxc5 Rxe1+ 27. Qxe1 bxc4 28. 
Qc3+ Kg8 29. cxd6 Nxd5 30. Qxc4 Qb7 {Pruznejsi tah je } ( 30. ... Nb6 31. 
Qc5 Nd7 ( 31. ... Nxa4 32. Qc7 +- ) 32. Qc7 Qe8 33. a5 +- ) 31. Ne5 Nb6 
32. Qb3 1-0